000 01135nam a22002417a 4500
999 _c2657
_d2657
003 OSt
005 20230804100538.0
008 230804b ||||| |||| 00| 0 eng d
020 _a9780008311056
040 _cKH8
082 _a400 AZF
100 _aAzfa Ilyana Ishak,
_eauthor.
245 _aCambridge IGCSE Malay as a First Language Student's Book /
_cAzfa Ilyana Ishak ; edited by Dahlia Janan.
260 _bCollins,
_c2019
300 _a220 pages.
520 _aCollins Cambridge IGCSE Malay as a First Language is the only published resource to offer full and comprehensive coverage of the new Cambridge IGCSE Malay as a First Language syllabus (0696). With a Student’s Book and Teacher’s Guide available, the resources support both students and teachers in a clear and engaging way. Aimed at first language Malay learners, the Student’s Book is designed to help students develop and apply their language skills.
650 _aMalay language
650 _aMalay grammar
650 _aMalay writing skills
700 _aZuraimah Mohamad,
_eauthor.
700 _aDahlia Janan,
_eseries editor.
942 _2ddc
_cTR